Fr. Conceicao Rodrigues College of Engineering

Discrete mathematics 4th (Record no. 22323)

MARC details
000 -LEADER
fixed length control field 00328nam a2200157Ia 4500
082 ## - DEWEY DECIMAL CLASSIFICATION NUMBER
Classification number 510
Item number JOH
100 ## - MAIN ENTRY--PERSONAL NAME
Personal name Johnsonbaugn/R
250 ## - EDITION STATEMENT
Edition statement 4
245 ## - TITLE STATEMENT
Title Discrete mathematics 4th
260 ## - PUBLICATION, DISTRIBUTION, ETC.
Name of publisher, distributor, etc. prentice hall
Place of publication, distribution, etc. New Delhi
Date of publication, distribution, etc. 1997
300 ## - PHYSICAL DESCRIPTION
Extent 699
546 ## - LANGUAGE NOTE
Language note ENGLISH
654 ## - SUBJECT ADDED ENTRY--FACETED TOPICAL TERMS
Focus term Mathematics
942 ## - ADDED ENTRY ELEMENTS (KOHA)
Koha item type BOOK
Holdings
Withdrawn status Lost status Damaged status Not for loan Collection Home library Current library Date acquired Total Checkouts Full call number Barcode Date last seen Price effective from Koha item type
        CRC Fr. Agnel's C.Rodrigues College of Engineering Fr. Agnel's C.Rodrigues College of Engineering 17/03/2023   510 JOH 10084 17/03/2023 17/03/2023 BOOK